00257nam a22000857a 4500008004100000082001700041245006100058260004400119300000800163230606b xxu||||| |||| 00| 0 eng d a967.676bEAC aEAC 10th Anniversary (1999-2009)bOne people.One Destiny aArusha,TanzaniabEast African Community a11p